00325nam a2200109Ia 4500008004100000082000800041100001800049245003200067942000600099952009500105999001500200240331s9999 xx 000 0 und d bMUR aMurukaiyan, R 0aVerriyaddu :bpaaddu koothu cL 001040708LaWERCLbWERCLcSSCd2024-03-31l0o 800 MURp5790r2024-03-31w2024-03-31yL c3705d3705